[Event "Bundesliga 2324"]
[Site "Germany"]
[Date "2024.04.27"]
[Round "14.7"]
[White "Dordevic, Tom"]
[Black "Hagner, Bennet"]
[Result "1/2-1/2"]
[WhiteElo "1997"]
[BlackElo "2307"]
[PlyCount "194"]
[EventDate "2023.10.21"]
[EventType "team-tourn"]
[EventRounds "15"]
[EventCountry "GER"]
[SourceTitle "CB18_2024"]
[SourceDate "2024.05.01"]
[SourceVersion "1"]
[SourceVersionDate "2024.05.01"]
[SourceQuality "2"]
[WhiteTeam "Muelheim Nord"]
[BlackTeam "Baden-Baden"]
[WhiteTeamCountry "GER"]
[BlackTeamCountry "GER"]

1. d4 Nf6 2. c4 e6 3. Nf3 d5 4. g3 Bb4+ 5. Bd2 a5 6. Qc2 0-0 7. Bg2 c5 8. cxd5 cxd4 9. Nxd4 Qb6 10. e3 exd5 11. 0-0 Nc6 12. Nxc6 bxc6 13. Rc1 Rb8 14. b3 Bd7 15. Nc3 h5 16. Na4 Qd8 17. Bxb4 axb4 18. Nc5 Bc8 19. Rd1 h4 20. Rd4 hxg3 21. hxg3 Ng4 22. Bf3 Qf6 23. Kg2 Bf5 24. Qd2 Ne5 25. Be2 g6 26. Rh1 Rfe8 27. Rxb4 Rbd8 28. Qd4 Kg7 29. g4 Be4+ 30. Nxe4 dxe4 31. Qxe4 Rd2 32. Qf4 Nd7 33. Qxf6+ Nxf6 34. Bf3 Rxe3 35. Bxc6 Rxa2 36. Rf1 Rb2 37. Bf3 Rexb3 38. Rxb3 Rxb3 39. Bd1 Rc3 40. Bf3 Nd7 41. Re1 Nc5 42. Bd1 Rc1 43. Rh1 Kf6 44. f4 Ke7 45. Rf1 Kd6 46. g5 Ne4 47. f5 gxf5 48. Rxf5 Rxd1 49. Rxf7 Rd2+ 50. Kf1 Nxg5 51. Rf2 Rd3 52. Ke2 Ra3 53. Rf8 Ne6 54. Rh8 Kd5 55. Rh5+ Ke4 56. Rh4+ Nf4+ 57. Kd2 Rf3 58. Kc2 Kd4 59. Rh8 Rc3+ 60. Kd2 Rg3 61. Rd8+ Nd5 62. Ke2 Rg7 63. Kf2 Re7 64. Rh8 Ke4 65. Ra8 Nc3 66. Rh8 Rf7+ 67. Kg2 Nd5 68. Re8+ Kf4 69. Kf2 Nc3 70. Rc8 Ke4+ 71. Kg2 Nd1 72. Re8+ Kf4 73. Ra8 Rg7+ 74. Kf1 Re7 75. Rf8+ Ke3 76. Kg2 Rg7+ 77. Kf1 Nc3 78. Ra8 Rf7+ 79. Kg2 Rg7+ 80. Kf1 Rg3 81. Ra3 Kf4 82. Ra8 Ne4 83. Ke2 Re3+ 84. Kd1 Rd3+ 85. Kc2 Ke3 86. Re8 Rd7 87. Ra8 Rc7+ 88. Kb2 Kd3 89. Rd8+ Kc4 90. Kc2 Rc6 91. Kb2 Rh6 92. Rc8+ Nc5 93. Kc2 Rh2+ 94. Kd1 Kd3 95. Rd8+ Ke3 96. Re8+ Ne4 97. Kc1 Rg2 1/2-1/2

[Event "Noisiel op 9th"]
[Site "Noisiel"]
[Date "2024.04.09"]
[Round "6"]
[White "Keenan, Cathal"]
[Black "Hagner, Bennet"]
[Result "1/2-1/2"]
[WhiteElo "2004"]
[BlackElo "2354"]
[PlyCount "76"]
[EventDate "2024.04.06"]
[EventType "swiss"]
[EventRounds "9"]
[EventCountry "FRA"]
[SourceTitle "CB16_2024"]
[SourceDate "2024.04.17"]
[SourceVersion "1"]
[SourceVersionDate "2024.04.17"]
[SourceQuality "1"]

1. e4 c5 2. Nf3 d6 3. d4 cxd4 4. Nxd4 Nf6 5. Nc3 a6 6. Be2 e5 7. Nf3 Be7 8. Bg5 Be6 9. Bxf6 Bxf6 10. 0-0 0-0 11. Qd2 Be7 12. Nd5 Nd7 13. Rfd1 Rc8 14. c4 Rc6 15. b4 Bxd5 16. cxd5 Rc8 17. Rdc1 Qb6 18. a4 a5 19. Bb5 Nf6 20. bxa5 Qa7 21. Qb4 Ng4 22. Qd2 Rxc1+ 23. Rxc1 Bd8 24. Rc8 Bxa5 25. Qc2 Nf6 26. Rxf8+ Kxf8 27. Qc8+ Ke7 28. g4 g5 29. Nxg5 Qc5 30. Qxb7+ Bc7 31. Qc8 Bb6 32. Qf5 h6 33. Ne6 Qc2 34. Ng7 Nxe4 35. Qd7+ Kf8 36. Ne6+ fxe6 37. Qe8+ Kg7 38. Qe7+ Kg8 1/2-1/2

[Event "Rilton Cup 51st"]
[Site "Stockholm"]
[Date "2024.01.04"]
[Round "8"]
[White "Kokoszczynski, Jan"]
[Black "Hagner, Bennet"]
[Result "1-0"]
[WhiteElo "2250"]
[BlackElo "2348"]
[PlyCount "79"]
[EventDate "2023.12.27"]
[EventType "swiss"]
[EventRounds "9"]
[EventCountry "SWE"]
[SourceTitle "CB02_2024"]
[SourceDate "2024.01.10"]
[SourceVersion "1"]
[SourceVersionDate "2024.01.10"]
[SourceQuality "1"]

1. e4 e5 2. Nf3 Nc6 3. Bb5 a6 4. Ba4 d6 5. 0-0 Bd7 6. c3 g5 7. d4 g4 8. Ne1 h5 9. f4 exd4 10. cxd4 d5 11. e5 Nh6 12. Nc3 Ne7 13. f5 Nhxf5 14. Bg5 Bxa4 15. Qxa4+ Qd7 16. Qxd7+ Kxd7 17. Bxe7 Nxe7 18. Rxf7 Ke8 19. e6 Rh6 20. Nd3 Rxe6 21. Raf1 Bh6 22. Ne5 Rd8 23. Rh7 Be3+ 24. Kh1 Rh6 25. Rxh6 Bxh6 26. Nf7 Be3 27. Nxd8 Kxd8 28. Ne2 b6 29. Rf6 Kd7 30. g3 c5 31. dxc5 bxc5 32. Rxa6 d4 33. Kg2 Nd5 34. Kf1 c4 35. Ra4 c3 36. bxc3 d3 37. Ra5 Nf6 38. Nf4 d2 39. Ke2 h4 40. Nd5 1-0

[Event "Berlin Radtke Memorial op"]
[Site "Berlin"]
[Date "2023.10.27"]
[Round "7"]
[White "Schmidek, Emil"]
[Black "Hagner, Bennet"]
[Result "1/2-1/2"]
[WhiteElo "2433"]
[BlackElo "2307"]
[PlyCount "62"]
[EventDate "2023.10.23"]
[EventType "swiss"]
[EventRounds "9"]
[EventCountry "GER"]
[SourceTitle "Mega2024 Update 01"]
[Source "Chessbase"]
[SourceDate "2023.11.12"]
[SourceVersion "1"]
[SourceVersionDate "2023.11.12"]
[SourceQuality "1"]

1. d4 d5 2. c4 c6 3. Nc3 Nf6 4. Nf3 e6 5. Bg5 dxc4 6. e4 b5 7. e5 h6 8. Bh4 g5 9. exf6 gxh4 10. Ne5 Qxf6 11. g3 Bb7 12. Bg2 h3 13. Bxh3 Nd7 14. Nxd7 Kxd7 15. 0-0 Kc7 16. a4 b4 17. Ne4 Qg6 18. Qf3 Rd8 19. Qf4+ Bd6 20. Nxd6 Rxd6 21. Rfc1 Ba6 22. Qe5 Rb8 23. Bf1 Qg5 24. Bxc4 Bxc4 25. Rxc4 Qxe5 26. dxe5 Rd2 27. Rb1 a5 28. Rbc1 Rb6 29. R1c2 Rxc2 30. Rxc2 Rb8 31. Kf1 Rd8 1/2-1/2

[Event "World-chT Rapid"]
[Site "Dusseldorf"]
[Date "2023.08.27"]
[Round "5.8"]
[White "Hagner, Bennet"]
[Black "Aravindh, Chithambaram VR"]
[Result "0-1"]
[WhiteElo "2323"]
[BlackElo "2645"]
[PlyCount "86"]
[EventDate "2023.08.26"]
[EventType "team-swiss (rapid)"]
[EventRounds "12"]
[EventCountry "GER"]
[SourceTitle "CBM 215 Extra"]
[Source "ChessBase"]
[SourceDate "2023.09.30"]
[SourceVersion "1"]
[SourceVersionDate "2023.09.30"]
[SourceQuality "1"]
[WhiteTeam "Mitropa Chess Association"]
[BlackTeam "Six Pack"]
[WhiteTeamCountry "GER"]
[BlackTeamCountry "IND"]

1. Nf3 d5 2. e3 Nf6 3. c4 e6 4. Nc3 c5 5. cxd5 exd5 6. d4 Nc6 7. Be2 Bg4 8. 0-0 Rc8 9. h3 Bh5 10. b3 Bxf3 11. Bxf3 cxd4 12. exd4 Be7 13. Bg5 0-0 14. Bxf6 Bxf6 15. Nxd5 Bxd4 16. Rc1 Qh4 17. Rc4 b5 18. Rxc6 Rxc6 19. Ne7+ Qxe7 20. Bxc6 Rd8 21. Qf3 Qc5 22. a4 bxa4 23. Bxa4 g6 24. g3 Rd6 25. Kg2 Rf6 26. Qe2 Kg7 27. h4 h5 28. Qc4 Qb6 29. Qc2 Qb7+ 30. Kh2 Qf3 31. Qd1 Qxd1 32. Rxd1 Rxf2+ 33. Kh3 Bb6 34. Rd3 Rc2 35. Bb5 f5 36. Rd7+ Kf6 37. Rd1 Bc5 38. Bc4 a5 39. Re1 a4 40. Re6+ Kg7 41. Re1 a3 42. Ra1 a2 43. b4 Bd4 0-1

[Event "World ol U16"]
[Site "Eindhoven"]
[Date "2023.08.17"]
[Round "8.14"]
[White "Song, Ethan"]
[Black "Hagner, Bennet"]
[Result "1-0"]
[WhiteElo "2025"]
[BlackElo "2323"]
[PlyCount "57"]
[EventDate "2023.08.13"]
[EventType "team-swiss"]
[EventRounds "9"]
[EventCountry "NED"]
[SourceTitle "CBM 215 Extra"]
[Source "ChessBase"]
[SourceDate "2023.09.30"]
[SourceVersion "1"]
[SourceVersionDate "2023.09.30"]
[SourceQuality "1"]
[WhiteTeam "Canada III"]
[BlackTeam "Germany"]
[WhiteTeamCountry "CAN"]
[BlackTeamCountry "GER"]

1. e4 Nc6 2. d4 d5 3. e5 Bf5 4. c3 e6 5. Bd3 Bxd3 6. Qxd3 Qd7 7. Ne2 f6 8. f4 0-0-0 9. 0-0 g5 10. exf6 g4 11. f5 e5 12. Bg5 Re8 13. b4 Bd6 14. Nd2 Qf7 15. b5 Na5 16. dxe5 Bxe5 17. Nf4 Nxf6 18. Ne6 Kb8 19. Rae1 Bd6 20. Qd4 Nd7 21. Qxd5 Nc5 22. Ne4 Nxe4 23. Qxe4 h5 24. c4 b6 25. Bf4 Nb7 26. Bxd6 Nxd6 27. Qc6 Rc8 28. Rd1 Qf6 29. Rxd6 1-0

[Event "Rhein Main op-A 25th"]
[Site "Bad Homburg"]
[Date "2023.06.08"]
[Round "2"]
[White "Pleyer, Christian"]
[Black "Hagner, Bennet"]
[Result "0-1"]
[WhiteElo "1880"]
[BlackElo "2331"]
[PlyCount "92"]
[EventDate "2023.06.07"]
[EventType "swiss"]
[EventRounds "7"]
[EventCountry "GER"]
[SourceTitle "CBM 215 Extra"]
[Source "ChessBase"]
[SourceDate "2023.09.30"]
[SourceVersion "1"]
[SourceVersionDate "2023.09.30"]
[SourceQuality "1"]

1. d4 Nf6 2. Nf3 d5 3. c4 e6 4. Bg5 dxc4 5. Qa4+ Nbd7 6. e4 Be7 7. Nc3 a6 8. Bxc4 0-0 9. Be2 b5 10. Qc2 h6 11. Bxf6 Nxf6 12. a3 c5 13. Rd1 cxd4 14. Nxd4 Qb6 15. 0-0 Rd8 16. Nb3 Bb7 17. Bf3 Nd7 18. Rfe1 Rac8 19. Qe2 Bxa3 20. Nxb5 Bb4 21. N5d4 Bxe1 22. Rxe1 e5 23. Nf5 Qxb3 24. Ne7+ Kf8 25. Nxc8 Bxc8 26. Qd2 Qb6 27. Rd1 Re8 28. Qc3 Nf6 29. Qa3+ Kg8 30. Rd6 Qc7 31. h3 Nxe4 32. Rd3 Bb7 33. Qb4 Ba8 34. Qa4 Nf6 35. Rc3 Qb6 36. Rb3 Qd4 37. Rb4 Qd6 38. Be2 Bc6 39. Qb3 Nd5 40. Rg4 Nf4 41. Bf1 a5 42. g3 h5 43. Rg5 Ne6 44. Rxh5 Nd4 45. Qe3 Nf3+ 46. Kg2 Qd5 0-1

[Event "Mitropa Cup"]
[Site "Mali Losinj"]
[Date "2023.04.13"]
[Round "3.3"]
[White "Lavrencic, Matic"]
[Black "Hagner, Bennet"]
[Result "1/2-1/2"]
[WhiteElo "2327"]
[BlackElo "2354"]
[PlyCount "74"]
[EventDate "2023.04.11"]
[EventType "team-tourn"]
[EventRounds "9"]
[EventCountry "CRO"]
[SourceTitle "CBM 213 Extra"]
[Source "ChessBase"]
[SourceDate "2023.05.31"]
[SourceVersion "1"]
[SourceVersionDate "2023.05.31"]
[SourceQuality "1"]
[WhiteTeam "Slovenia"]
[BlackTeam "Germany"]
[WhiteTeamCountry "SLO"]
[BlackTeamCountry "GER"]

1. e4 e5 2. Nf3 Nc6 3. Bb5 a6 4. Ba4 Nf6 5. 0-0 Be7 6. Re1 b5 7. Bb3 0-0 8. h3 Na5 9. Nxe5 Nxb3 10. axb3 Bb7 11. d3 d5 12. exd5 Qxd5 13. Qf3 Bd6 14. Qxd5 Nxd5 15. Bd2 Nb4 16. Na3 c5 17. Kf1 Rfd8 18. Re2 f6 19. Nf3 Kf7 20. Nh4 g6 21. Rae1 Bc6 22. Bc1 Nd5 23. Nb1 Ra7 24. Bd2 Nf4 25. Bxf4 Bxf4 26. Nc3 Be5 27. Nf3 Bxf3 28. gxf3 Rb8 29. Nd5 g5 30. c3 Rd7 31. Ne3 h5 32. Rd2 Rbd8 33. Ke2 Bf4 34. Ra1 Rd6 35. Rdd1 Kg6 36. Nc2 Re8+ 37. Kf1 Red8 1/2-1/2

[Event "Mitropa Cup"]
[Site "Mali Losinj"]
[Date "2023.04.11"]
[Round "1.3"]
[White "Mladek, Richard"]
[Black "Hagner, Bennet"]
[Result "0-1"]
[WhiteElo "2436"]
[BlackElo "2354"]
[PlyCount "62"]
[EventDate "2023.04.11"]
[EventType "team-tourn"]
[EventRounds "9"]
[EventCountry "CRO"]
[SourceTitle "CBM 213 Extra"]
[Source "ChessBase"]
[SourceDate "2023.05.31"]
[SourceVersion "1"]
[SourceVersionDate "2023.05.31"]
[SourceQuality "1"]
[WhiteTeam "Czech Republic"]
[BlackTeam "Germany"]
[WhiteTeamCountry "CZE"]
[BlackTeamCountry "GER"]

1. d4 Nf6 2. c4 e6 3. Nc3 Bb4 4. e3 0-0 5. Bd2 b6 6. Nf3 d5 7. cxd5 exd5 8. Rc1 Bb7 9. Bd3 Re8 10. 0-0 Bf8 11. Ne5 c5 12. f4 Nc6 13. Ne2 Rc8 14. Be1 Ne4 15. Bxe4 dxe4 16. Nxf7 Kxf7 17. Qb3+ c4 18. Qxc4+ Kg6 19. Bg3 Ne5 20. f5+ Kh6 21. Qg8 Be7 22. Qe6+ Bf6 23. Bf4+ g5 24. fxg6+ Kg7 25. Bh6+ Kxh6 26. Qh3+ Bh4 27. Ng3 hxg6 28. dxe5 Rxc1 29. Rxc1 Rxe5 30. Ne2 Ba6 31. Nd4 Rc5 0-1

[Event "Fagernes op-A"]
[Site "Fagernes"]
[Date "2023.04.05"]
[Round "5"]
[White "Hagner, Bennet"]
[Black "Pujari, Rucha"]
[Result "1-0"]
[WhiteElo "2354"]
[BlackElo "2195"]
[PlyCount "53"]
[EventDate "2023.04.02"]
[EventType "swiss"]
[EventRounds "9"]
[EventCountry "NOR"]
[SourceTitle "CBM 213 Extra"]
[Source "ChessBase"]
[SourceDate "2023.05.31"]
[SourceVersion "1"]
[SourceVersionDate "2023.05.31"]
[SourceQuality "1"]

1. e4 e5 2. Nf3 Nf6 3. d4 Nxe4 4. Bd3 d5 5. Nxe5 Be7 6. 0-0 0-0 7. c4 c6 8. Nc3 f6 9. Nf3 Nxc3 10. bxc3 Bg4 11. Qc2 Bxf3 12. Bxh7+ Kh8 13. gxf3 f5 14. Bxf5 Bd6 15. Rb1 b6 16. Re1 Nd7 17. Re6 Qc7 18. Bg5 Nf6 19. Bg6 Ng8 20. Qe2 Bxh2+ 21. Kg2 Bf4 22. Rh1+ Nh6 23. Be7 Rfc8 24. Bf7 Rg8 25. Rh4 Bg5 26. Bxg5 Qxf7 27. Qe5 1-0

[Event "Fagernes op-A"]
[Site "Fagernes"]
[Date "2023.04.02"]
[Round "1"]
[White "Hagner, Bennet"]
[Black "Ytrestoyl, Sindre Lyngsaunet"]
[Result "1-0"]
[WhiteElo "2354"]
[BlackElo "1987"]
[PlyCount "119"]
[EventDate "2023.04.02"]
[EventType "swiss"]
[EventRounds "9"]
[EventCountry "NOR"]
[SourceTitle "CBM 213 Extra"]
[Source "ChessBase"]
[SourceDate "2023.05.31"]
[SourceVersion "1"]
[SourceVersionDate "2023.05.31"]
[SourceQuality "1"]

1. e4 c6 2. d4 d5 3. e5 c5 4. dxc5 e6 5. a3 Bxc5 6. b4 Be7 7. Nf3 a5 8. b5 Nd7 9. c4 Nb6 10. cxd5 Nxd5 11. Bc4 Nb6 12. Bd3 Bd7 13. 0-0 h5 14. a4 Nh6 15. Be4 Rb8 16. Nbd2 Bb4 17. Nb3 Bc3 18. Ra2 Qc7 19. Bd2 Bxd2 20. Qxd2 Qc4 21. Qd6 Rc8 22. Qxb6 Qxb3 23. Rd2 Qxa4 24. Bxb7 Qxb5 25. Qxb5 Bxb5 26. Bxc8 Bxf1 27. Kxf1 0-0 28. Bd7 Rb8 29. Ra2 Rd8 30. Bc6 Rd1+ 31. Ke2 Rb1 32. Rxa5 Rb2+ 33. Nd2 Ng4 34. Rb5 Rxb5 35. Bxb5 Nxe5 36. Nf3 Ng6 37. Ng5 Kf8 38. Ke3 Nh4 39. g3 Nf5+ 40. Kf4 Ke7 41. Bd3 Nd6 42. Nh7 f6 43. Bg6 h4 44. gxh4 Nb5 45. h5 Nc3 46. Kg4 Nd1 47. Bc2 Nc3 48. h6 gxh6 49. Kh5 Nd5 50. Kxh6 Nf4 51. h4 Nh3 52. Kg7 Nxf2 53. Nxf6 Nh3 54. h5 Ng5 55. h6 e5 56. Ne4 Ne6+ 57. Kg8 Nf8 58. Nd6 Nd7 59. Ne4 Nf8 60. Nf6 1-0

[Event "Staufer op 33rd"]
[Site "Schwaebisch Gmuend"]
[Date "2023.01.06"]
[Round "9"]
[White "Dolzhikova, Kateryna"]
[Black "Hagner, Bennet"]
[Result "1-0"]
[WhiteElo "2244"]
[BlackElo "2378"]
[PlyCount "119"]
[EventDate "2023.01.02"]
[EventType "swiss"]
[EventRounds "9"]
[EventCountry "GER"]
[SourceTitle "CBM 212 Extra"]
[Source "ChessBase"]
[SourceDate "2023.03.31"]
[SourceVersion "1"]
[SourceVersionDate "2023.03.31"]
[SourceQuality "1"]

1. e4 e5 2. Nc3 Nf6 3. f4 d5 4. fxe5 Nxe4 5. Qf3 f5 6. d3 Nxc3 7. bxc3 d4 8. Qg3 Nc6 9. Be2 dxc3 10. Bh5+ Kd7 11. Bg5 Be7 12. e6+ Kxe6 13. Qe3+ Kd7 14. Bf7 Qf8 15. Qe6+ Kd8 16. Qd5+ Bd7 17. Be6 Qe8 18. Bf7 Nb4 19. Qxb7 Qxf7 20. Qxa8+ Bc8 21. Bxe7+ Qxe7+ 22. Kf1 Nxc2 23. Qd5+ Ke8 24. Qc6+ Kf7 25. Qc4+ Be6 26. Qxc3 Nxa1 27. Nf3 Re8 28. Kf2 Qf6 29. Ne5+ Kg8 30. Rxa1 Bd5 31. Re1 f4 32. d4 Bxa2 33. Qxc7 Qh4+ 34. Kf1 Qxh2 35. Nf3 Qh5 36. Rxe8+ Qxe8 37. Qxa7 Bc4+ 38. Kg1 Bd5 39. Ne5 h6 40. Qa5 Qe6 41. Kh2 Kh7 42. Qd8 Qg8 43. Qd6 Be4 44. Nd7 Qa2 45. Nf6+ gxf6 46. Qe7+ Kg6 47. Qxe4+ Kg5 48. d5 Qd2 49. Qf3 Qd4 50. Qb3 h5 51. Qb7 h4 52. Qg7+ Kf5 53. Qd7+ Ke4 54. d6 Kd5 55. Qe7 Kc6 56. Qc7+ Kb5 57. d7 Qd3 58. Qb8+ Ka6 59. Qa8+ Kb5 60. Qe8 1-0

[Event "Staufer op 33rd"]
[Site "Schwaebisch Gmuend"]
[Date "2023.01.04"]
[Round "6"]
[White "Hagner, Bennet"]
[Black "Poysti, Nathanael Nicolai"]
[Result "1-0"]
[WhiteElo "2378"]
[BlackElo "2118"]
[PlyCount "75"]
[EventDate "2023.01.02"]
[EventType "swiss"]
[EventRounds "9"]
[EventCountry "GER"]
[SourceTitle "CBM 212 Extra"]
[Source "ChessBase"]
[SourceDate "2023.03.31"]
[SourceVersion "1"]
[SourceVersionDate "2023.03.31"]
[SourceQuality "1"]

1. e4 e5 2. Nf3 Nc6 3. Bb5 a6 4. Ba4 Nf6 5. 0-0 Nxe4 6. d4 b5 7. Bb3 d5 8. dxe5 Be6 9. Nbd2 Be7 10. c3 0-0 11. Bc2 f5 12. Nb3 Qd7 13. Nfd4 Nxd4 14. Nxd4 c5 15. Nxe6 Qxe6 16. f3 Ng5 17. a4 Rad8 18. Kh1 c4 19. Bxg5 Bxg5 20. f4 Be7 21. axb5 axb5 22. Qd4 Qc6 23. b4 cxb3 24. Bxb3 Bc5 25. Qd3 Kh8 26. Qf3 Rf7 27. Rfd1 Rfd7 28. Rd3 Be7 29. Rad1 Qc5 30. Bxd5 b4 31. cxb4 Qxb4 32. h3 Ra7 33. Bc4 Raa8 34. Qc6 Rdc8 35. Qe6 Rxc4 36. Rd8+ Rxd8 37. Rxd8+ Bf8 38. Qxc4 1-0

[Event "Staufer op 33rd"]
[Site "Schwaebisch Gmuend"]
[Date "2023.01.03"]
[Round "4"]
[White "Player, Edmund C"]
[Black "Hagner, Bennet"]
[Result "1/2-1/2"]
[WhiteElo "2180"]
[BlackElo "2378"]
[PlyCount "151"]
[EventDate "2023.01.02"]
[EventType "swiss"]
[EventRounds "9"]
[EventCountry "GER"]
[SourceTitle "CBM 212 Extra"]
[Source "ChessBase"]
[SourceDate "2023.03.31"]
[SourceVersion "1"]
[SourceVersionDate "2023.03.31"]
[SourceQuality "1"]

1. e4 c6 2. d4 d5 3. Nd2 dxe4 4. Nxe4 Nf6 5. Nxf6+ exf6 6. c3 Bd6 7. Bd3 0-0 8. Ne2 Re8 9. Qc2 h5 10. 0-0 h4 11. h3 Nd7 12. Bf4 Nf8 13. Bxd6 Qxd6 14. Rae1 Bd7 15. Nc1 Ne6 16. Bh7+ Kf8 17. Bf5 g6 18. Bxe6 Bxe6 19. Nd3 Kg7 20. Re3 b6 21. Rfe1 Red8 22. Nc1 Rd7 23. a3 a5 24. Qe4 Rh8 25. Ne2 Bf5 26. Qf3 c5 27. Rd1 Rhd8 28. Rd2 Qc7 29. a4 Kg8 30. d5 c4 31. Rd4 Rd6 32. Qf4 Bd3 33. Qxh4 Bxe2 34. Rxe2 Kg7 35. Rxc4 Qd7 36. Rd4 Rxd5 37. Red2 Qe6 38. Rxd5 Rxd5 39. Rxd5 Qxd5 40. Qd4 Qb3 41. c4 Qxa4 42. Qxb6 Qxc4 43. Qxa5 Qc1+ 44. Kh2 Qxb2 45. Qe1 f5 46. Qe3 Kf6 47. Qg3 Qd4 48. f4 Qe4 49. Qf2 Kg7 50. Qb2+ Kh7 51. Qf2 Kg8 52. Qh4 Qe3 53. Qg3 Qe2 54. Qc3 Qf2 55. Qg3 Qd4 56. Qf3 Kf8 57. Qa3+ Ke8 58. Qa8+ Ke7 59. Qa3+ Kd7 60. Qf3 Kd6 61. Qa3+ Kc6 62. Qa8+ Kc7 63. Qf3 Kb6 64. Qb3+ Kc5 65. Qa3+ Kc4 66. Kg3 Qe4 67. Qc1+ Kd4 68. Qd2+ Qd3+ 69. Qxd3+ Kxd3 70. Kf3 f6 71. g3 Kd4 72. Kf2 Kd3 73. Kf3 Kd4 74. Kf2 Kc4 75. Ke2 Kc3 76. Ke3 1/2-1/2

[Event "Staufer op 33rd"]
[Site "Schwaebisch Gmuend"]
[Date "2023.01.02"]
[Round "1"]
[White "Hagner, Bennet"]
[Black "Kuipers, Dustin"]
[Result "1-0"]
[WhiteElo "2378"]
[BlackElo "2159"]
[PlyCount "133"]
[EventDate "2023.01.02"]
[EventType "swiss"]
[EventRounds "9"]
[EventCountry "GER"]
[SourceTitle "CBM 212 Extra"]
[Source "ChessBase"]
[SourceDate "2023.03.31"]
[SourceVersion "1"]
[SourceVersionDate "2023.03.31"]
[SourceQuality "1"]

1. e4 c6 2. d4 d5 3. e5 Bf5 4. Nf3 e6 5. Be2 Nd7 6. 0-0 Bg6 7. a4 Nh6 8. c3 a5 9. Na3 Be7 10. Nc2 0-0 11. Bxh6 gxh6 12. Nfe1 f6 13. exf6 Bxf6 14. f4 Qb6 15. Nd3 c5 16. dxc5 Nxc5 17. Nxc5 Qxc5+ 18. Kh1 Qb6 19. Bb5 Kh8 20. Nd4 e5 21. fxe5 Bxe5 22. Nf3 Bg7 23. Qe2 Rad8 24. Rae1 Bh5 25. Qd3 Bg6 26. Qd2 Be4 27. Qe2 Rf4 28. Nd2 Rxf1+ 29. Rxf1 Bg6 30. Nb3 Qc7 31. Qe3 b6 32. Nd4 Qc5 33. Qe1 Rf8 34. Ne6 Rxf1+ 35. Qxf1 Qe3 36. Nf4 Be4 37. Bc6 Qd2 38. c4 Qxb2 39. cxd5 Qa1 40. Qxa1 Bxa1 41. Ne6 Kg8 42. Kg1 Be5 43. Kf2 Kf7 44. g3 Ke7 45. Ke3 Bf5 46. Nd4 Bxd4+ 47. Kxd4 Kd6 48. Kc4 Kc7 49. Be8 Bc2 50. Bb5 Kd6 51. Bc6 Kc7 52. h3 Bf5 53. g4 Bc2 54. h4 Bd1 55. g5 hxg5 56. hxg5 Bc2 57. Be8 Kd8 58. Kc3 Bf5 59. Bb5 Kc7 60. Bd3 Bd7 61. Bxh7 Bxa4 62. g6 Be8 63. g7 Bf7 64. g8Q Bxg8 65. Bxg8 b5 66. Bh7 Kd6 67. Kd4 1-0

[Event "Basel Christmas op"]
[Site "Basel"]
[Date "2022.12.30"]
[Round "8"]
[White "Hagner, Bennet"]
[Black "Shivakumar, Shawnak"]
[Result "1-0"]
[WhiteElo "2342"]
[BlackElo "2281"]
[PlyCount "43"]
[EventDate "2022.12.26"]
[EventType "swiss"]
[EventRounds "9"]
[EventCountry "SUI"]
[SourceTitle "EXT 2024"]
[Source "ChessBase"]
[SourceDate "2023.10.10"]
[SourceVersion "1"]
[SourceVersionDate "2023.10.10"]
[SourceQuality "1"]

1. e4 e5 2. Nf3 Nf6 3. d4 Nxe4 4. Bd3 d5 5. Nxe5 Nd7 6. Nc3 Nxc3 7. bxc3 Bd6 8. 0-0 0-0 9. Re1 c6 10. Rb1 Qc7 11. Bf4 b6 12. Qh5 Nf6 13. Qh4 c5 14. Bg5 Ne4 15. Rxe4 dxe4 16. Bxe4 h6 17. Bxh6 gxh6 18. Qxh6 Rd8 19. Bh7+ Kh8 20. Be4+ Kg8 21. Ng6 Bxh2+ 22. Kh1 1-0